| 000 | 00771nam a2200217Ia 4500 | ||
|---|---|---|---|
| 003 | GCL | ||
| 005 | 20240530110858.0 | ||
| 008 | 140319s2007 ua 000 0 ara d | ||
| 040 |
_aGCL / _cGCL |
||
| 082 | 0 | 4 |
_a306.42/ _bح ث _221 |
| 100 | 0 | _aحامد عمار | |
| 245 | 1 | 0 |
_aثقافة الحرية والديمقراطية بين امال الخطاب والام الواقع / _cحامد عمار |
| 260 |
_aالقاهر : _bمكتبة دار العرب، _c2007. |
||
| 300 |
_a399 ص. ؛ _c24 سم. |
||
| 490 | 0 | _aدراسات فى التربية والثقافة | |
| 650 | 0 | 7 |
_aالثقافة _2qrmak |
| 650 | 0 | 7 |
_aالديمقراطية _2qrmak |
| 650 | 0 | 7 |
_aحرية التعبير _2qrmak |
| 650 | 0 | 7 |
_aالحرية السياسية _2qrmak |
| 942 |
_2ddc _cBK |
||
| 999 |
_c66075 _d66075 |
||